Ciudades de Chile +50k hab. - Estadísticas

Estadísticas generales
  • Esta prueba ha sido intentada 746 veces
  • La puntuación promedio es 20 de 42
Estadísticas de respuestas
Región Población Ciudad % Correcto
RM 7.055.000 Gran Santiago
100%
V 1.029.000 Gran Valparaíso
97%
VIII 1.037.000 Gran Concepción
89%
IV 506.000 Gran La Serena
89%
XV 247.000 Arica
85%
II 388.000 Antofagasta
84%
X 336.000 Gran Puerto Montt
84%
IX 410.000 Gran Temuco
83%
I 353.000 Gran Iquique
80%
VII 296.000 Gran Talca
79%
XIV 177.000 Valdivia
76%
VI 236.000 Gran Rancagua
74%
XII 142.000 Punta Arenas
73%
XVI 232.000 Gran Chillán
65%
II 190.000 Calama
60%
X 173.000 Osorno
60%
III 172.000 Copiapó
58%
VII 164.000 Curicó
51%
VIII 218.000 Los Ángeles
51%
RM 142.000 Melipilla
40%
V 105.000 Los Andes-Calle Larga-San Esteban
37%
XI 61.000 Coyhaique
35%
RM 110.000 Buin
34%
VII 101.000 Linares
34%
V 83.000 San Felipe
31%
VI 79.000 San Fernando
31%
V 176.000 Gran Quillota
30%
IV 121.000 Ovalle
29%
V 134.000 Gran San Antonio
27%
RM 180.000 Colina
26%
RM 83.000 Paine
23%
RM 82.000 Talagante
23%
V 69.000 Limache-Olmué
21%
III 57.000 Vallenar
21%
RM 127.000 Lampa
18%
IX 59.000 Villarrica
18%
IX 56.000 Angol
15%
VI 64.000 Rengo
15%
RM 101.000 Peñaflor
13%
VII 50.000 Cauquenes
12%
XVI 56.000 San Carlos
10%
VI 51.000 San Vicente de Tagua Tagua
9%
No se encontraron pruebas coincidentes
Distribución de puntuación
Porcentaje de gente con cada puntuación
Porcentaje por número respondido
Historial de tus puntuaciones
No has intentado esta prueba.